|
|
|
|
| LEADER |
00927nmm a2200253 a 4500 |
| 001 |
0000064942 |
| 005 |
20030617090000.0 |
| 040 |
|
|
|a mod
|
| 041 |
|
|
|a eng
|
| 020 |
0 |
0 |
|a 0324066716
|
| 090 |
0 |
0 |
|a 519.5
|b AND
|e 2002
|
| 100 |
1 |
0 |
|a Anderson
|h David Ray
|
| 245 |
1 |
0 |
|a Statistics for business and economics
|c David R. Anderson,Dennis J.Sweeney, Thomas A. Williams
|
| 250 |
0 |
0 |
|a 8th ed.
|
| 260 |
0 |
0 |
|a Australia
|b South-Western
|c 2002
|
| 300 |
0 |
0 |
|a xxv, 884, 84, 10 p. :
|b col. ill. ;
|c 26 cm. +
|e 1 computer optical disc (4 3/4 in.)
|
| 500 |
0 |
0 |
|a Includes index.
|
| 650 |
0 |
0 |
|a Economics
|x Statistical methods
|
| 650 |
0 |
0 |
|a Commercial statistics
|x Methodology
|
| 700 |
1 |
1 |
|a Williams
|h Thomas Arthur
|
| 700 |
1 |
1 |
|a Sweeney
|h Dennis J.
|
| 852 |
0 |
0 |
|a 01
|
| 999 |
|
|
|a 01736
|b KEMENTAH
|d COMPACT DISC
|e Sumber Media
|f Perpustakaan KEMENTAH
|j AVAILABLE
|q GOOD CONDITION
|
| 999 |
|
|
|a 0211760
|b KEMENTAH
|d BOOKS
|e Rujukan
|f Perpustakaan KEMENTAH
|j AVAILABLE
|q GOOD CONDITION
|